[Event "Reykjavik Open 2025"]
[Site "Reykjavik"]
[Date "2025.04.14"]
[Round "8.59"]
[White "Wan, Joseph"]
[Black "Vihaan, Karthikeya N"]
[Result "1-0"]
[WhiteElo "2242"]
[WhiteFideId "2069890"]
[BlackElo "2024"]
[BlackFideId "25950673"]
[Variant "Standard"]
[StudyName "ROpen 2025 - Rd8 - Board 45-108"]
1. e4 c6 2. c4 d5 3. cxd5 cxd5 4. exd5 Nf6 5. Nc3 Nxd5 6. Nf3 e6 7. d4 Nc6 8. a3 Be7 9. Bd3 Bf6 10. O-O Bxd4 11. Nxd4 Nxd4 12. Nxd5 Qxd5 13. Qg4 Bd7 14. Be4 Qc4 15. Be3 g6 16. Rfd1 e5 17. Qg5 O-O 18. Qxe5 Ne2+ 19. Kh1 Rae8 20. Qd5 Rxe4 21. Qxc4 Rxc4 22. Rxd7 Rfc8 23. Rxb7 Nd4 24. Rf1 a6 25. b3 Nxb3 26. Rxb3 a5 27. g3 h5 28. Rfb1 h4 29. Kg2 hxg3 30. hxg3 Kg7 31. Rb5 Ra4 32. R1b3 Rc6 33. Bb6 f5 34. Bxa5 f4 35. R3b4 f3+ 36. Kxf3 Rxa3+ 37. Rb3 Ra2 38. Bc3+ Kh6 39. Bd4 Rd6 40. Be3+ Kg7 41. Rb7+ Kf6 42. R7b6 Rxb6 43. Rxb6+ Kf7 44. Bd4 g5 45. Rf6+ Kg8 46. Rg6+ Kh7 47. Rxg5 Ra3+ 48. Be3 Rd3 49. Ke4 Rd8 50. Ra5 Re8+ 51. Re5 Ra8 52. f4 Kg6 53. g4 Ra4+ 54. Bd4 Kf7 55. Rb5 Kg6 56. Rb6+ Kh7 57. f5 Ra8 58. g5 Re8+ 59. Be5 Kg8 60. Rb7 Rd8 61. f6 Rd1 62. Kf5 Rd8 63. Kg6 Kf8 64. Bd6+ 1-0

[Event "Reykjavik Open 2025"]
[Site "Reykjavik"]
[Date "2025.04.14"]
[Round "8.60"]
[White "Belz, Frank-Martin"]
[Black "Unzicker, Ferdinand"]
[Result "1-0"]
[WhiteElo "2027"]
[WhiteFideId "12941026"]
[BlackElo "2241"]
[BlackFideId "4619196"]
[Variant "Standard"]
[StudyName "ROpen 2025 - Rd8 - Board 45-108"]
1. Nf3 Nf6 2. c4 g6 3. Nc3 Bg7 4. e4 d6 5. d4 O-O 6. Be2 c5 7. O-O cxd4 8. Nxd4 Nc6 9. Be3 Bd7 10. h3 Nxd4 11. Bxd4 Bc6 12. Qc2 a5 13. b3 Nd7 14. Bxg7 Kxg7 15. Bg4 Nf6 16. Rad1 Qc7 17. Rd2 h5 18. Be2 Qb6 19. a3 Rfc8 20. Kh1 Re8 21. f4 Rh8 22. g3 h4 23. g4 Qe3 24. Rf3 Bxe4 25. Nxe4 Qxe4 26. Qb2 Kh7 27. Rd4 Qc6 28. Kh2 Rae8 29. g5 Nh5 30. f5 gxf5 31. Rxf5 e5 32. Rxh4 Kg6 33. Bxh5+ Rxh5 34. Rf6+ Kg7 1-0

[Event "Reykjavik Open 2025"]
[Site "Reykjavik"]
[Date "2025.04.14"]
[Round "8.61"]
[White "Bech, Havard Eriksen"]
[Black "Vogt, Lothar"]
[Result "0-1"]
[WhiteElo "2024"]
[WhiteFideId "1564684"]
[BlackElo "2229"]
[BlackFideId "4611292"]
[Variant "Standard"]
[StudyName "ROpen 2025 - Rd8 - Board 45-108"]
1. d4 Nf6 2. c4 g6 3. Nc3 Bg7 4. e4 d6 5. Nf3 O-O 6. Be2 e5 7. O-O Nbd7 8. Be3 Re8 9. Qc2 c6 10. d5 c5 11. Ne1 Kh8 12. Nb5 Nf8 13. f3 a6 14. Nc3 Nh5 15. g3 f5 16. exf5 gxf5 17. Bd3 Qf6 18. Ng2 Ng6 19. a3 Bd7 20. b4 e4 21. Nxe4 fxe4 22. Bxe4 b6 23. Rae1 Qf7 24. Rb1 Nf6 25. bxc5 bxc5 26. Bxg6 hxg6 27. Rb6 Reb8 28. Rfb1 Rxb6 29. Rxb6 Ne8 30. Nh4 Kh7 31. Rb7 Ba4 32. Qb1 Bc2 33. Qb6 Qf6 34. Qc6 Rd8 35. Qxa6 Bd3 36. Kg2 g5 37. Bc1 Qe5 0-1

[Event "Reykjavik Open 2025"]
[Site "Reykjavik"]
[Date "2025.04.14"]
[Round "8.62"]
[White "Darvekar, Yash"]
[Black "Dauth, Benjamin"]
[Result "0-1"]
[WhiteElo "2024"]
[WhiteFideId "2624150"]
[BlackElo "2228"]
[BlackFideId "4688104"]
[Variant "Standard"]
[StudyName "ROpen 2025 - Rd8 - Board 45-108"]
1. e4 e5 2. Nf3 Nc6 3. Bb5 a6 4. Bxc6 dxc6 5. O-O Bg4 6. h3 h5 7. d3 Qf6 8. Nbd2 Be6 9. d4 exd4 10. e5 Qg6 11. Nh4 Qh7 12. Ndf3 Be7 13. Ng5 Bxg5 14. Bxg5 Nh6 15. Qxd4 O-O 16. c3 Nf5 17. Nxf5 Qxf5 18. h4 f6 19. exf6 gxf6 20. Bh6 Rf7 21. Rfe1 Kh7 22. Bf4 Rg8 23. Qe3 Bd5 24. Bg3 Rg4 25. b3 b5 26. Qe8 Rg8 27. Qe2 Rg4 28. Qe8 Rg8 29. Qe2 c5 30. c4 Bb7 31. Rad1 b4 32. Qd3 Qxd3 33. Rxd3 f5 34. Red1 Bc6 35. Rd8 Rg4 36. Be5 Rxg2+ 37. Kf1 Rg4 38. Rh8+ Kg6 39. Rdd8 Bg2+ 40. Kg1 Bf3+ 41. Kf1 f4 42. Rdg8+ Kf5 43. Rxh5+ Ke4 44. Rxg4 Bxg4 45. Rg5 Bf5 46. Rg7 Rf8 47. Bxc7 Rh8 48. Re7+ Kf3 49. Ke1 Rxh4 50. Re5 Be4 51. Rxc5 Rh1+ 52. Kd2 Rh2 53. Ra5 Rxf2+ 54. Kd1 Bb7 55. Bd6 Ke4 56. Ke1 Rh2 57. Re5+ Kd3 58. Re7 Bc8 59. Bxf4 Rxa2 60. Bd6 a5 61. Ra7 Re2+ 62. Kf1 Bh3+ 63. Kg1 Rg2+ 64. Kh1 Rg5 65. Bc7 Rg7 66. Kh2 Bf1 67. c5 Be2 68. c6 Bf3 69. Bb6 Rxa7 70. Bxa7 a4 71. Bb8 axb3 72. Be5 Bxc6 0-1

[Event "Reykjavik Open 2025"]
[Site "Reykjavik"]
[Date "2025.04.14"]
[Round "8.63"]
[White "Khaledi, Omid"]
[Black "Omarsson, Josef"]
[Result "1-0"]
[WhiteElo "2228"]
[WhiteFideId "22514635"]
[BlackElo "2011"]
[BlackFideId "2316102"]
[Variant "Standard"]
[StudyName "ROpen 2025 - Rd8 - Board 45-108"]
1. d4 Nf6 2. c4 g6 3. Nc3 Bg7 4. e4 d6 5. Nf3 O-O 6. Be2 e5 7. O-O exd4 8. Nxd4 Nbd7 9. Re1 Re8 10. Bf1 c6 11. f3 d5 12. exd5 Rxe1 13. Qxe1 cxd5 14. Be3 dxc4 15. Rd1 a6 16. Bxc4 Qc7 17. Bb3 Nc5 18. Bc2 Ne6 19. Qf2 Nxd4 20. Bxd4 Be6 21. Qh4 Nh5 22. Bxg7 Nxg7 23. Bb1 h5 24. Qd4 Rc8 25. Ne4 Ne8 26. Ng5 Qe7 27. h4 Ng7 28. Ne4 Ne8 29. Ng5 Ng7 30. Re1 Rd8 31. Qe3 Qd7 32. Ne4 Qd4 33. Qxd4 Rxd4 34. Kf2 b6 35. g3 Nf5 36. a3 a5 37. Nc3 Nd6 38. Ke3 Rc4 39. Rd1 Rc6 40. Bd3 Kf8 41. Ne2 Bb3 42. Rd2 Rc5 43. Kf2 Ke7 44. g4 hxg4 45. fxg4 Be6 46. Kf3 Bc4 47. Nf4 Rb5 48. Re2+ Kd7 49. Bxc4 Nxc4 50. Nd3 f5 51. gxf5 Rxf5+ 52. Kg4 Kd6 53. Re8 Kd7 54. Re4 b5 55. a4 Nd6 56. Re2 bxa4 57. Ne5+ Ke6 58. Nc4+ Kd7 59. Rd2 Rf6 60. Kg5 Re6 61. Nxd6 Rxd6 62. Rxd6+ Kxd6 63. Kxg6 Kc5 64. h5 Kb4 65. h6 Kb3 66. h7 Kxb2 67. h8=Q+ Ka2 68. Qc3 a3 69. Kf5 1-0

[Event "Reykjavik Open 2025"]
[Site "Reykjavik"]
[Date "2025.04.14"]
[Round "8.64"]
[White "Subervi, Jonathan Sigfredo"]
[Black "Gajcin, Marina"]
[Result "0-1"]
[WhiteElo "2020"]
[WhiteFideId "6400345"]
[BlackElo "2217"]
[BlackFideId "949086"]
[Variant "Standard"]
[StudyName "ROpen 2025 - Rd8 - Board 45-108"]
1. e4 c5 2. Nf3 Nc6 3. d4 cxd4 4. Nxd4 Nf6 5. Nc3 e5 6. Ndb5 d6 7. Bg5 a6 8. Na3 b5 9. Nab1 Be7 10. Bxf6 Bxf6 11. a4 b4 12. Nd5 O-O 13. Bc4 Rb8 14. O-O Na5 15. Ba2 Bd7 16. Nd2 Bg5 17. Nc4 Nb7 18. Nxb4 a5 19. Nd5 Bxa4 20. Nc3 Bc6 21. Qg4 Bd7 22. Qe2 Bf4 23. Rfd1 Qg5 24. g3 Qg6 25. Kh1 Bh3 26. Rd3 h5 27. Rad1 Rbd8 28. Rg1 Bg5 29. Rgd1 Kh7 30. f3 f5 31. exf5 Bxf5 32. Ne4 Be7 33. Nb6 Nc5 34. Nxc5 dxc5 35. Rxd8 Bxd8 36. Nd7 Re8 37. Nxc5 e4 38. Re1 e3 39. c3 Bb6 40. Qb5 Re5 41. b4 Qd6 42. Qc4 Qd2 43. Re2 Qd1+ 44. Kg2 Bxc5 45. bxc5 Bd3 46. Qg8+ Kh6 0-1

[Event "Reykjavik Open 2025"]
[Site "Reykjavik"]
[Date "2025.04.14"]
[Round "8.65"]
[White "Garbuz, Vitaliy"]
[Black "Bleuzen, Cedric"]
[Result "1-0"]
[WhiteElo "2203"]
[WhiteTitle "CM"]
[WhiteFideId "12990710"]
[BlackElo "2003"]
[BlackFideId "632368"]
[Variant "Standard"]
[StudyName "ROpen 2025 - Rd8 - Board 45-108"]
1. d4 d5 2. c4 e6 3. Nf3 Nf6 4. g3 c5 5. cxd5 exd5 6. Bg2 Nc6 7. O-O Be7 8. dxc5 Bxc5 9. a3 a6 10. b4 Be7 11. Bb2 Bf5 12. Nc3 Qd7 13. Na4 Rd8 14. Rc1 O-O 15. Ne5 Nxe5 16. Bxe5 b5 17. Nc5 Bxc5 18. bxc5 Qe6 19. Qd4 Ne8 20. c6 Qc8 21. Rfd1 Be6 (21... Be4) 22. e4 f6 23. Bf4 g5 24. Be3 Nc7 25. e5 fxe5 26. Qxe5 Bf5 27. Qd4 h6 28. Bd2 Rf7 29. Bc3 Kh7 30. Re1 Bh3 31. Bxh3 Qxh3 32. Qd3+ Kg8 33. Qg6+ Kf8 34. Bb4+ 1-0

[Event "Reykjavik Open 2025"]
[Site "Reykjavik"]
[Date "2025.04.14"]
[Round "8.67"]
[White "Luk, Danbe"]
[Black "Mannion, Stephen R"]
[Result "1/2-1/2"]
[WhiteElo "2018"]
[WhiteFideId "66203287"]
[BlackElo "2180"]
[BlackTitle "IM"]
[BlackFideId "2400111"]
[Variant "Standard"]
[StudyName "ROpen 2025 - Rd8 - Board 45-108"]
1. d4 d5 2. c4 dxc4 3. Nf3 Nf6 4. e3 e6 5. Bxc4 c5 6. O-O a6 7. b3 Nbd7 8. Bb2 Be7 9. dxc5 Bxc5 10. Nbd2 b6 11. Qe2 Bb7 12. Rfd1 O-O 13. a3 Qb8 14. Rac1 Rc8 15. h3 Bd6 16. Nd4 b5 17. Bd3 Rxc1 18. Rxc1 Qf8 19. b4 Rc8 20. Qd1 Rxc1 21. Qxc1 Qa8 22. Bf1 Bd5 23. N4f3 h6 24. Qc2 e5 25. Nh4 Qc6 26. Qxc6 Bxc6 27. Nf5 Bf8 28. Bd3 g6 29. Ng3 Be7 30. e4 h5 31. Nf3 Bd6 32. Bc2 Kf8 33. Kf1 Ke7 34. Ke2 Nh7 35. Bb3 Nhf8 36. Kd3 Ne6 37. Bc1 Nf4+ 38. Bxf4 exf4 39. Ne2 f6 40. Nc3 Ne5+ 41. Nxe5 Bxe5 42. f3 g5 43. Ba2 h4 44. Bb3 Kd6 1/2-1/2

[Event "Reykjavik Open 2025"]
[Site "Reykjavik"]
[Date "2025.04.14"]
[Round "8.68"]
[White "Ornolfsson, Magnus P."]
[Black "Heidarsson, Mikael Bjarki"]
[Result "1/2-1/2"]
[WhiteElo "2174"]
[WhiteFideId "2301016"]
[BlackElo "1973"]
[BlackFideId "2317532"]
[Variant "Standard"]
[StudyName "ROpen 2025 - Rd8 - Board 45-108"]
1. d4 Nf6 2. Nf3 d5 3. g3 c5 4. Bg2 cxd4 5. O-O h6 6. Nxd4 e5 7. Nb5 a6 8. N5a3 Nc6 9. c4 Be6 10. cxd5 Bxd5 11. Nc3 Bxg2 12. Kxg2 b5 13. Nc2 Bc5 14. a3 O-O 15. e4 Ra7 16. Ne3 Rd7 17. Qb3 Bxe3 18. Bxe3 Nd4 19. Qd1 Qa8 20. f3 Rfd8 21. Rf2 Nf5 22. Qe1 Nxe3+ 23. Qxe3 Rd4 24. Rc1 Qb7 25. Re2 a5 26. Rcc2 b4 27. axb4 axb4 28. Na4 Nd7 29. Nc5 Nxc5 30. Rxc5 Qe7 31. Qc1 Rd2 32. Rxd2 Rxd2+ 33. Qxd2 Qxc5 34. Qd8+ Kh7 35. Qd3 Qc1 36. Qb3 Qd2+ 37. Kg1 Kg6 38. h4 h5 39. Kh1 Qf2 40. Qxb4 Qxg3 41. Qc3 Qxh4+ 42. Kg2 Qg5+ 43. Kh1 Qh4+ 44. Kg2 Qg5+ 45. Kh1 1/2-1/2

[Event "Reykjavik Open 2025"]
[Site "Reykjavik"]
[Date "2025.04.14"]
[Round "8.69"]
[White "Skettos, Nicolas"]
[Black "Vroombout, Enrico"]
[Result "0-1"]
[WhiteElo "1983"]
[WhiteFideId "5900670"]
[BlackElo "2161"]
[BlackFideId "1008730"]
[Variant "Standard"]
[StudyName "ROpen 2025 - Rd8 - Board 45-108"]
1. e4 e6 2. d4 d5 3. Bd3 dxe4 4. Bxe4 Nf6 5. Bf3 c5 6. Ne2 Nc6 7. Be3 cxd4 8. Nxd4 Bd7 9. Nxc6 bxc6 10. O-O Qc7 11. c4 Rb8 12. Qc2 Bd6 13. h3 Be5 14. Nc3 c5 15. Nb5 Qb6 16. a4 a6 17. a5 Qd8 18. Nc3 Bd4 19. Bf4 Rb4 20. Ra2 O-O 21. Ne2 e5 22. Nxd4 exf4 23. Ne2 Be6 24. b3 Qb8 25. Ra3 Rd8 26. Nc3 Qe5 27. Na4 Bf5 28. Qe2 Qc7 29. Rd1 Rdb8 30. Nb6 Be6 31. Qd2 Ne8 32. Qd3 Qe5 33. Bc6 Qb2 34. Rda1 g6 35. Qf3 Rd8 36. Bxe8 Rxe8 37. Qc6 Rd8 38. Qxc5 Rxb3 39. R3a2 Qc3 40. Qc7 Rd4 41. Qb8+ Kg7 42. Qe5+ Kh6 43. Kh2 f3 44. g3 Rh4 45. Qxc3 Rxh3+ 46. Kg1 Rxc3 47. Ra3 Rxa3 48. Rxa3 Rh5 49. Rxf3 Rxa5 50. Rc3 Ra1+ 51. Kg2 a5 52. c5 a4 53. Nc4 Bd5+ 54. f3 Ra2+ 55. Kh3 Kg5 56. Nd6 Be6+ 57. g4 Kf4 58. c6 h5 59. c7 hxg4+ 60. fxg4 Bxg4+ 61. Kh4 g5# 0-1

[Event "Reykjavik Open 2025"]
[Site "Reykjavik"]
[Date "2025.04.14"]
[Round "8.70"]
[White "Alrehaili, Ahmed Abdullah S"]
[Black "Eedle, Eric F"]
[Result "1/2-1/2"]
[WhiteElo "2152"]
[WhiteFideId "21518840"]
[BlackElo "1972"]
[BlackFideId "429627"]
[Variant "Standard"]
[StudyName "ROpen 2025 - Rd8 - Board 45-108"]
1. e4 c5 2. Nf3 Nc6 3. Bb5 g6 4. O-O Bg7 5. Re1 e5 6. Bxc6 dxc6 7. d3 Qc7 8. Be3 b6 9. a3 Nf6 10. b4 cxb4 11. axb4 O-O 12. h3 h6 13. Qc1 Kh7 14. Qb2 Nh5 15. Nbd2 Be6 16. Ra6 Nf4 17. Rea1 Rfb8 18. Qa3 Rb7 19. Kh2 Ne2 20. Nc4 Bxc4 21. dxc4 Nd4 22. Ne1 f5 23. f3 Qd8 24. c3 Ne6 25. Qb3 fxe4 26. fxe4 Qh4 27. Qc2 Ng5 28. Nf3 Nxf3+ 29. gxf3 Rf7 30. Rf1 Raf8 31. Kg2 Qh5 32. Qe2 Bf6 33. c5 bxc5 34. bxc5 Bg5 35. Rxc6 Bf4 36. Bxf4 Rxf4 37. Rc7+ Kh8 38. Rxa7 Rh4 39. Rh1 Qg5+ 40. Kh2 Qh5 41. Kg2 Qg5+ 42. Kh2 1/2-1/2

[Event "Reykjavik Open 2025"]
[Site "Reykjavik"]
[Date "2025.04.14"]
[Round "8.71"]
[White "Petursson, Gudni"]
[Black "Haertig, Jens"]
[Result "1/2-1/2"]
[WhiteElo "1987"]
[WhiteFideId "2301725"]
[BlackElo "2149"]
[BlackFideId "24602558"]
[Variant "Standard"]
[StudyName "ROpen 2025 - Rd8 - Board 45-108"]
1. d4 Nf6 2. Nc3 d5 3. Bf4 g6 4. e3 Bg7 5. Nb5 Na6 6. Nf3 O-O 7. Be2 c6 8. Na3 Qb6 9. Qc1 Be6 10. O-O Rac8 11. c3 Nb8 12. Ne5 Nbd7 13. Qc2 Ne4 14. Nxd7 Bxd7 15. Bd3 Nf6 1/2-1/2

[Event "Reykjavik Open 2025"]
[Site "Reykjavik"]
[Date "2025.04.14"]
[Round "8.72"]
[White "Aeschbacher, Dimitri"]
[Black "Johannsson, Markus Orri"]
[Result "0-1"]
[WhiteElo "2142"]
[WhiteFideId "551032830"]
[BlackElo "1969"]
[BlackFideId "2318539"]
[Board "1. e4 c5 2. Nf3 d6 3. d4 cxd4 4. Nxd4 Nf6 5. Nc3 Nc6 6. Bg5 e6 7. Qd2 a6 8. O-O-O Bd7 9. Kb1 Nxd4 10. Qxd4 Be7 11. Rg1 Rc8 12. g4 Qc7 13. Bc"]
[Variant "Standard"]
[StudyName "ROpen 2025 - Rd8 - Board 45-108"]
1. e4 c5 2. Nf3 d6 3. d4 cxd4 4. Nxd4 Nf6 5. Nc3 Nc6 6. Bg5 e6 7. Qd2 a6 8. O-O-O Bd7 9. Kb1 Nxd4 10. Qxd4 Be7 11. Rg1 Rc8 12. g4 Qc7 13. Bc1 d5 14. Bg2 e5 15. Qd3 d4 16. Nd5 Nxd5 17. exd5 Bxg4 18. Rde1 g6 19. f4 f6 20. fxe5 fxe5 21. Bh6 Bf6 22. Qxd4 Qxc2+ 23. Ka1 Bf5 24. Rxe5+ Kd7 25. Bf4 Rhe8 26. a3 Rc4 27. Qe3 Rxf4 28. Qxf4 Bxe5 29. Qb4 b5 30. Bf3 Qf2 31. Rc1 Qxf3 32. Qc5 Bd6 33. Qc6+ Ke7 34. Re1+ Be4 35. Qb7+ Kf6 36. Qd7 Be5 37. Qc6+ Kg7 38. Qd7+ Qf7 39. Qg4 Bxd5 40. Rc1 Qe7 41. Qh3 b4 42. a4 b3 43. Qg4 Qa3+ 0-1

[Event "Reykjavik Open 2025"]
[Site "Reykjavik"]
[Date "2025.04.14"]
[Round "8.73"]
[White "Bathula, Abhinav Reddy"]
[Black "Jaksland, Tim"]
[Result "1/2-1/2"]
[WhiteElo "1979"]
[WhiteFideId "35005693"]
[BlackElo "2140"]
[BlackFideId "1401084"]
[Variant "Standard"]
[StudyName "ROpen 2025 - Rd8 - Board 45-108"]
1. e4 e5 2. Nf3 Nc6 3. Bb5 a6 4. Ba4 Nge7 5. d3 Ng6 6. Nc3 b5 7. Bb3 Na5 8. Be3 Bb7 9. h4 Nxb3 10. axb3 h5 11. Nd2 Nxh4 12. Kf1 Ng6 13. Rxh5 Rxh5 14. Qxh5 Qh4 15. Qxh4 Nxh4 16. Ne2 Ng6 17. c4 f6 18. f3 Be7 19. Kf2 Kf7 20. d4 exd4 21. Nxd4 Bc5 22. Nc2 Bf8 23. Nd4 Bc5 24. Nc2 1/2-1/2

[Event "Reykjavik Open 2025"]
[Site "Reykjavik"]
[Date "2025.04.14"]
[Round "8.74"]
[White "Balje, Jan"]
[Black "Doran, Chris"]
[Result "1-0"]
[WhiteElo "2125"]
[WhiteFideId "1004085"]
[BlackElo "1957"]
[BlackFideId "503835"]
[Variant "Standard"]
[StudyName "ROpen 2025 - Rd8 - Board 45-108"]
1. d4 Nf6 2. c4 g6 3. g3 Bg7 4. Bg2 O-O 5. Nf3 d6 6. O-O Nc6 7. Nc3 a6 8. b3 Rb8 9. d5 Na5 10. Bg5 h6 11. Bd2 c5 12. dxc6 Nxc6 13. Rc1 Bd7 14. Nd5 Kh7 15. Bc3 Nxd5 16. cxd5 Ne5 17. Nd4 Qb6 18. a4 Rbc8 19. Qd2 h5 20. h3 Rc5 21. e3 Bc8 22. Rc2 Qd8 23. Rfc1 Bf6 24. f4 Nd7 25. Kh2 Rg8 26. Qd3 Qf8 27. Bf3 Qh6 28. Kg2 Kg7 29. b4 Rc7 30. Ne6+ fxe6 31. Bxf6+ Nxf6 32. Rxc7 Bd7 33. dxe6 Bxe6 34. Rxe7+ Bf7 35. Rcc7 Rf8 36. Bd5 1-0

[Event "Reykjavik Open 2025"]
[Site "Reykjavik"]
[Date "2025.04.14"]
[Round "8.75"]
[White "Woods, Yannick"]
[Black "Kunz, Andre"]
[Result "1-0"]
[WhiteElo "1979"]
[WhiteFideId "2518384"]
[BlackElo "2115"]
[BlackFideId "24623652"]
[Variant "Standard"]
[StudyName "ROpen 2025 - Rd8 - Board 45-108"]
1. e4 c6 2. d4 d5 3. e5 c5 4. Nf3 cxd4 5. Qxd4 Nc6 6. Qf4 g6 7. Nc3 d4 8. Bc4 Bf5 9. Ne4 Bh6 10. Qh4 Bxc1 11. Rxc1 Qa5+ 12. b4 Qxb4+ 13. Ned2 Qc5 14. Qf4 h5 15. O-O e6 16. Rb1 a6 17. Rxb7 Nge7 18. Bd3 Nd5 19. Qg5 Na5 20. Rbb1 Nc3 21. Qf6 O-O 22. Rbe1 Rfe8 23. Bxf5 exf5 24. e6 Qe7 25. Qxd4 Nb5 26. Qf4 fxe6 27. Ne5 g5 28. Qe3 Rac8 29. c4 Nd6 30. Rc1 Nf7 31. c5 Nxe5 32. Qxe5 Nc6 33. Qe2 Nd4 34. Qc4 Qf6 35. Nb3 Nb5 36. a4 Nc7 37. c6 Rcd8 38. Rfd1 Rxd1+ 39. Rxd1 Rd8 40. Rd7 Nd5 41. c7 Rc8 42. Qxa6 Rxc7 43. Qa8+ 1-0

[Event "Reykjavik Open 2025"]
[Site "Reykjavik"]
[Date "2025.04.14"]
[Round "8.76"]
[White "Bourgois, Bastien"]
[Black "Arndt, Uwe"]
[Result "1-0"]
[WhiteElo "2112"]
[WhiteFideId "681482"]
[BlackElo "1956"]
[BlackFideId "24647713"]
[Variant "Standard"]
[StudyName "ROpen 2025 - Rd8 - Board 45-108"]
1. d4 d5 2. c4 c6 3. Nc3 e6 4. e4 dxe4 5. Nxe4 Bb4+ 6. Nc3 Nf6 7. Nf3 O-O 8. Bd3 Nbd7 9. O-O Qc7 10. Re1 c5 11. a3 Bxc3 12. bxc3 b6 13. Ne5 Nxe5 14. dxe5 Nd7 15. Qh5 g6 16. Qg5 Bb7 17. h4 Qd8 18. Qg3 f5 19. exf6 Qxf6 20. Bg5 Qf7 21. h5 Kg7 22. Qe3 Rfe8 23. Qh3 gxh5 24. Re3 Kh8 25. Rae1 Nf8 26. Be2 h4 27. Qxh4 Ng6 28. Bh5 Rg8 29. Bxg6 Qxg6 30. Rg3 Rg7 31. Bf6 1-0

[Event "Reykjavik Open 2025"]
[Site "Reykjavik"]
[Date "2025.04.14"]
[Round "8.77"]
[White "Deepak Ambattu, Rithvik"]
[Black "Ponnio, Toni"]
[Result "1/2-1/2"]
[WhiteElo "1971"]
[WhiteFideId "2410060"]
[BlackElo "2103"]
[BlackFideId "509604"]
[Variant "Standard"]
[StudyName "ROpen 2025 - Rd8 - Board 45-108"]
1. e4 c5 2. Nf3 Nc6 3. d4 cxd4 4. Nxd4 e5 5. Nb5 d6 6. c4 g6 7. N1c3 a6 8. Na3 Bg7 9. Be3 Be6 10. Nc2 Nf6 11. f3 O-O 12. Be2 Rc8 13. Nd5 Nd7 14. O-O Bxd5 15. cxd5 Nd4 16. Nxd4 exd4 17. Bxd4 Bxd4+ 18. Qxd4 Rc2 19. Bd3 Rd2 20. Rf2 Rxf2 21. Qxf2 Qa5 22. Qe1 Qb6+ 23. Qf2 Qa5 24. Qe1 Qb6+ 25. Qf2 Qa5 1/2-1/2

[Event "Reykjavik Open 2025"]
[Site "Reykjavik"]
[Date "2025.04.14"]
[Round "8.78"]
[White "Lacroix, Romain"]
[Black "Teichmann, Alexander"]
[Result "1-0"]
[WhiteElo "2101"]
[WhiteFideId "642592"]
[BlackElo "1934"]
[BlackFideId "24657735"]
[Variant "Standard"]
[StudyName "ROpen 2025 - Rd8 - Board 45-108"]
1. d4 Nf6 2. Nf3 g6 3. g3 Bg7 4. Bg2 O-O 5. O-O d6 6. Re1 Nc6 7. d5 Na5 8. e4 Nd7 9. Nc3 c5 10. Qe2 Rb8 11. a4 a6 12. Bf4 Ne5 13. Nxe5 dxe5 14. Bd2 Bd7 15. Nd1 Ra8 16. Nc3 Qc7 17. Bf1 Rfb8 18. Red1 Qd8 19. Be3 b6 20. Nb1 c4 21. Bd2 b5 22. axb5 axb5 23. Bb4 h5 24. Qe3 Kh7 25. Nc3 Rc8 26. f3 Bh6 27. Qf2 Bf8 28. Ra2 Ra6 29. Rda1 Rca8 30. Kg2 Kg8 31. Qe3 Kg7 32. Qg5 f6 33. Qe3 Kg8 34. Be2 Kf7 35. f4 Bh6 36. Qf2 exf4 37. gxf4 f5 38. e5 e6 39. dxe6+ Bxe6 40. Qf3 1-0

[Event "Reykjavik Open 2025"]
[Site "Reykjavik"]
[Date "2025.04.14"]
[Round "8.79"]
[White "Boleslav, Petr"]
[Black "Ravi, Krishna"]
[Result "1-0"]
[WhiteElo "1970"]
[WhiteFideId "320005"]
[BlackElo "2100"]
[BlackFideId "25707817"]
[Variant "Standard"]
[StudyName "ROpen 2025 - Rd8 - Board 45-108"]
1. e4 c5 2. Nf3 e6 3. d4 cxd4 4. Nxd4 Nf6 5. Bd3 Nc6 6. Nxc6 bxc6 7. O-O d5 8. Nc3 Be7 9. Qf3 Nd7 10. Re1 d4 11. Ne2 e5 12. Ng3 g6 13. Bc4 Bf6 14. h4 h5 15. Bg5 O-O 16. Bxf6 Nxf6 17. Nf1 Nd7 18. Qg3 Qf6 19. Nd2 Nb6 20. Bb3 Bg4 21. Rf1 Be2 22. Rfe1 Bg4 23. Rf1 Be2 24. Rfe1 Ba6 25. a4 Kg7 26. Ra3 Rae8 27. Ba2 Qd6 28. Nf3 Nc4 29. Rd3 Nxb2 30. Nxd4 Kh7 31. Nf5 Qf6 32. Rd6 Re6 33. Bxe6 { [%csl Ge6] } 33... fxe6 34. Rd7+ Rf7 35. Rxf7+ Qxf7 36. Nd6 Qf4 37. Qc3 Nxa4 38. Qa5 Bb5 39. Qxa7+ Kg8 40. Qe7 Qf8 41. Qxe6+ Kh7 42. Qxe5 Nb6 43. Qd4 Na8 44. Nxb5 1-0

[Event "Reykjavik Open 2025"]
[Site "Reykjavik"]
[Date "2025.04.14"]
[Round "8.80"]
[White "Beisteiner, Joachim"]
[Black "Sleczka, Bartosz"]
[Result "1-0"]
[WhiteElo "2097"]
[WhiteFideId "1682296"]
[BlackElo "1920"]
[BlackFideId "1180428"]
[Variant "Standard"]
[StudyName "ROpen 2025 - Rd8 - Board 45-108"]
1. e4 Nf6 2. e5 Nd5 3. d4 d6 4. c4 Nb6 5. f4 dxe5 6. fxe5 Nc6 7. Be3 Bf5 8. Nc3 e6 9. Nf3 Bg4 10. Be2 Bxf3 11. gxf3 Qh4+ 12. Bf2 Qf4 13. c5 Nd5 14. Nxd5 exd5 15. Qd2 Qxd2+ 16. Kxd2 Ne7 17. Bd3 g6 18. Be3 Bg7 19. Rhg1 f6 20. f4 Kf7 21. Raf1 f5 22. Rc1 a6 23. b4 Nc6 24. Rb1 Nd8 25. Ke2 Ne6 26. Kf3 Bh6 27. h4 Rhg8 28. Rg2 Rge8 29. h5 Nf8 30. Rh1 Bg7 31. h6 Bh8 32. Rhh2 Ne6 33. Bc2 Red8 34. Bb3 c6 35. Ba4 Rd7 36. Rb2 Rg8 37. Bc2 Nd8 38. a4 Ke6 39. b5 axb5 40. axb5 Nf7 41. bxc6 bxc6 42. Rb6 Rc7 43. Ba4 Rgc8 44. Rh1 Kd7 45. Ke2 Nd8 46. Bf2 Nf7 47. Be3 Nd8 48. Kd3 Ra8 49. Bb3 Rca7 50. Bf2 Ne6 51. Ke3 Ra3 52. Bh4 Nc7 53. Rd1 R8a7 54. Rd3 R7a6 55. Rb8 Ra8 56. Rxa8 Rxa8 57. Bg5 Ra1 58. Bd1 Nb5 59. Be2 Ra4 60. Rb3 Nc7 61. Bd3 Ra2 62. Rb6 Ra3 63. Kd2 Ra7 64. Rb3 Ra2+ 65. Kc3 Ra4 66. Rb8 Ra8 67. Rb4 Ra3+ 68. Kb2 Rxd3 69. Rb8 Bxe5 70. dxe5 Ne6 71. Rh8 Nxg5 72. fxg5 Ke6 73. Rxh7 Rh3 74. Rg7 f4 75. Rxg6+ Kxe5 76. Rf6 Rh5 77. Rf8 Rxg5 78. h7 Rh5 79. h8=Q+ Rxh8 80. Rxh8 Kd4 81. Kc2 Ke3 82. Re8+ Kd4 83. Kd2 Kxc5 84. Rf8 Kc4 85. Rxf4+ d4 86. Rf1 c5 87. Rc1+ Kb4 88. Kd3 Kb5 89. Rb1+ 1-0